| 000 | 01571cam a2200397 a 4500 | ||
|---|---|---|---|
| 999 |
_c4716 _d4716 |
||
| 001 | 16419990 | ||
| 003 | OSt | ||
| 005 | 20220328074722.0 | ||
| 008 | 100817s2011 caua b 001 0 eng c | ||
| 010 | _a 2010935083 | ||
| 015 |
_aGBB0B4469 _2bnb |
||
| 016 | 7 |
_a101560777 _2DNLM |
|
| 016 | 7 |
_a015654914 _2Uk |
|
| 020 | _a9781847879554 | ||
| 020 | _a1847879551 | ||
| 020 | _a9781847879561 (pbk.) | ||
| 020 | _a184787956X (pbk.) | ||
| 035 | _a(OCoLC)ocn733916503 | ||
| 040 |
_aNLM _cALUPE UNIVERSITY _dUKM _dYDXCP _dMMU _dTMI _dCDX _dDLC |
||
| 042 | _apcc | ||
| 050 | 0 | 0 |
_aRC86.7 _b.M85 2011 |
| 060 | 0 | 0 | _a2011 F-071 |
| 060 | 1 | 0 | _aWX 218 |
| 082 | 0 | 0 |
_a616.02/8 _223 |
| 100 | 1 | _aMulryan, Chris. | |
| 245 | 1 | 0 |
_aAcute illness management / _cChris Mulryan. |
| 260 |
_aLos Angeles : _bSAGE, _c2011. |
||
| 300 |
_axv, 221 p. : _bill. ; _c25 cm. |
||
| 504 | _aIncludes bibliographical references and index. | ||
| 505 | 0 | _aAcute illness management: an overview -- Physiology of acute illness -- Patient stability assessment -- Problems with the airway and breathing -- Understanding and resolving problems with the circulation -- Electrocardiographic monitoring -- Responding to the acutely ill patient -- Significant others, breaking bad news -- Legal, ethical and professional issues. | |
| 650 | 0 | _aCritical care medicine. | |
| 650 | 1 | 2 |
_aCritical Care _xmethods. |
| 906 |
_a7 _bcbc _cpccadap _d2 _encip _f20 _gy-gencatlg |
||
| 942 |
_2lcc _cBK _nDO |
||